000 006150000a22001930004500
090 _aAR
_b01977
245 1 0 _aStudies on tiger beetles . LXXVI On some new or poorly known African species (<Coleoptera, Cicindelidae>)
650 1 4 _aEntomología
_94483
650 1 4 _aBiodiversidad
_992204
650 1 4 _aColeópteros
_97857
650 1 4 _aInventarios de insectos
_993273
650 1 4 _aTaxonomía animal
_98245
651 4 _pAfrica
_992749
600 1 4 _fCicindelidae
_995428
041 0 _aInglés
100 1 _aCassola, Fabio
_99428
942 _cARTICULO
773 1 _tFragmenta Entomologica
_3660
_h2
_q259-291
_d1995
_g26
999 _c11054
_d11054